[Event "NM for klubblag 2019"]
[Site "Scandic Ambassadeur, Drammen"]
[Date "2019.05.30"]
[Round "5"]
[White "Fuglestein, Sander"]
[Black "Kjærås, Alf Marius"]
[Result "1/2-1/2"]
[WhiteElo "2023"]
[BlackElo "1856"]
[PlyCount "25"]
[EventDate "2019.??.??"]

1. d4 d5 2. c4 c6 3. Nf3 Nf6 4. Nc3 dxc4 5. a4 Bf5 6. e3 e6 7. Bxc4 Bb4 8. O-O
O-O 9. Qe2 Bg6 10. Rd1 Nbd7 11. Bd2 Qe7 12. Rac1 e5 13. dxe5
1/2-1/2

[Event "NM for klubblag 2019"]
[Site "Scandic Ambassadeur, Drammen"]
[Date "2019.05.30"]
[Round "5"]
[White "Kopperud, Vidar Aleksander"]
[Black "SÃ¸rensen, Simen"]
[Result "1/2-1/2"]
[WhiteElo "1766"]
[BlackElo "1980"]
[PlyCount "82"]
[EventDate "2019.??.??"]

1. d4 Nf6 2. c4 e6 3. Nf3 b6 4. g3 Bb7 5. Bg2 Be7 6. O-O O-O 7. Nc3 Ne4 8. Qc2
Nxc3 9. bxc3 f5 10. Ne1 Bxg2 11. Nxg2 Bf6 12. e4 fxe4 13. Qxe4 Nc6 14. f4 Re8
15. Bd2 d5 16. cxd5 exd5 17. Qd3 Na5 18. Rae1 Qd7 19. Ne3 Rad8 20. Re2 Kh8 21.
Rfe1 Re4 22. Nc2 Rxe2 23. Rxe2 c6 24. f5 Nc4 25. Bf4 Re8 26. Rxe8+ Qxe8 27. Ne3
Nxe3 28. Qxe3 Qxe3+ 29. Bxe3 Kg8 30. Kf2 Kf7 31. Bf4 g6 32. fxg6+ hxg6 33. h4
Ke6 34. Kf3 c5 35. Be3 Be7 36. Bf4 b5 37. dxc5 Bf6 38. Bd2 Kd7 39. Ke3 Kc6 40.
Kd3 a5 41. Be3 Be7 1/2-1/2

[Event "NM for klubblag 2019"]
[Site "Scandic Ambassadeur, Drammen"]
[Date "2019.05.30"]
[Round "6"]
[White "Gaustad, Erlend"]
[Black "Nilsen, Tobias Lang"]
[Result "0-1"]
[WhiteElo "1906"]
[BlackElo "1986"]
[PlyCount "48"]
[EventDate "2019.??.??"]

1. Nf3 Nf6 2. c4 c5 3. Nc3 Nc6 4. g3 d5 5. cxd5 Nxd5 6. Bg2 Nc7 7. a3 e5 8. O-O
Be7 9. b4 O-O 10. b5 Nd4 11. Nxe5 Be6 12. Rb1 Bf6 13. Nf3 Bf5 14. e4 Bg4 15. h3
Nxf3+ 16. Bxf3 Bxh3 17. Bg2 Be6 18. Qf3 Bc4 19. Re1 Be5 20. Bf1 Bxf1 21. Kxf1
Ne6 22. Nd5 Nd4 23. Qg4 f5 24. exf5 Qxd5 0-1

[Event "NM for klubblag 2019"]
[Site "Scandic Ambassadeur, Drammen"]
[Date "2019.05.30"]
[Round "6"]
[White "Rishovd, Svein"]
[Black "Hausken, Andreas Skrede"]
[Result "1/2-1/2"]
[WhiteElo "2105"]
[BlackElo "1799"]
[PlyCount "75"]
[EventDate "2019.??.??"]

1. d4 Nf6 2. c4 e6 3. Nf3 b6 4. g3 Ba6 5. Nbd2 Be7 6. Bg2 c6 7. O-O d5 8. Qc2
Bb7 9. b3 Nbd7 10. Bb2 O-O 11. e4 dxe4 12. Nxe4 c5 13. Nfg5 Nxe4 14. Nxe4 Qc7
15. dxc5 Nxc5 16. Rfe1 Bxe4 17. Bxe4 Nxe4 18. Qxe4 Rfd8 19. h4 Qc5 20. Qg4 Bf8
21. Re5 Qd6 22. h5 Qd2 23. Re2 Qh6 24. Qf3 Be7 25. Rae1 Qg5 26. Bc3 a5 27. Bd2
Qf6 28. Qxf6 Bxf6 29. Be3 Bd4 30. Bxd4 Rxd4 31. Re5 a4 32. Rb5 axb3 33. axb3
Rd6 34. Rc1 Kf8 35. b4 Rc8 36. Kg2 Rdc6 37. Kf3 Ke7 38. Rd1 1/2-1/2

[Event "NM for klubblag 2019"]
[Site "Scandic Ambassadeur, Drammen"]
[Date "2019.05.30"]
[Round "6"]
[White "Onstad, Lars"]
[Black "Unneland, Arne"]
[Result "1-0"]
[WhiteElo "1870"]
[BlackElo "1658"]
[PlyCount "73"]
[EventDate "2019.??.??"]

1. d4 d5 2. c4 Nf6 3. Nc3 c6 4. Nf3 Bf5 5. e3 e6 6. cxd5 exd5 7. Bd3 Ne4 8. Qc2
Bb4 9. O-O Bxc3 10. bxc3 O-O 11. a4 Nd7 12. Nd2 Nxd2 13. Qxd2 Qg5 14. Ba3 Rfe8
15. Bxf5 Qxf5 16. a5 b5 17. Rae1 Nf6 18. f3 Qg6 19. Bc1 Re6 20. Re2 Ne8 21. Ba3
Qg5 22. Qd3 Qd8 23. e4 Qxa5 24. Bb4 Qd8 25. e5 a5 26. Ba3 Nc7 27. f4 h5 28. f5
Rh6 29. Bc1 Rh7 30. e6 fxe6 31. fxe6 g5 32. Ba3 Nxe6 33. Rxe6 Qd7 34. Qf5 Kh8
35. Bd6 Kg8 36. Rg6+ Rg7 37. Qxd7 1-0

[Event "NM for klubblag 2019"]
[Site "Scandic Ambassadeur, Drammen"]
[Date "2019.05.30"]
[Round "6"]
[White "Schick, Matheo"]
[Black "Aulin-Jansson, JÃ¸ran"]
[Result "0-1"]
[WhiteElo "1450"]
[BlackElo "2243"]
[PlyCount "52"]
[EventDate "2019.??.??"]

1. e4 c5 2. Nf3 d6 3. d4 cxd4 4. Nxd4 Nf6 5. Nc3 a6 6. Bg5 e6 7. Be2 h6 8. Bh4
Be7 9. O-O O-O 10. Qd2 b5 11. a3 Bb7 12. Bd3 Nbd7 13. f4 Rc8 14. Rae1 b4 15.
axb4 Qb6 16. Bf2 Qxb4 17. Nb3 Rfe8 18. e5 dxe5 19. fxe5 Ng4 20. Bg3 Bg5 21. Qe2
h5 22. Bxa6 Qb6+ 23. Kh1 Bxa6 24. Qf3 Bxf1 25. Qxf1 Rf8 26. Ne4 Be7 0-1

[Event "NM for klubblag 2019"]
[Site "Scandic Ambassadeur, Drammen"]
[Date "2019.05.30"]
[Round "6"]
[White "Omland, Harald"]
[Black "Blauhut, Holger"]
[Result "0-1"]
[WhiteElo "1541"]
[BlackElo "2041"]
[PlyCount "62"]
[EventDate "2019.??.??"]

1. f4 d5 2. Nf3 Nf6 3. e3 e6 4. Be2 c5 5. O-O Nc6 6. b3 Be7 7. Bb2 a6 8. a4 Qb6
9. Nc3 d4 10. Na2 dxe3 11. dxe3 O-O 12. Kh1 Ng4 13. Ng5 Nxe3 14. Qd3 Nf5 15.
Nxh7 Kxh7 16. g4 c4 17. Qh3+ Nh6 18. g5 e5 19. Qh5 Bf5 20. gxh6 g6 21. Qf3 cxb3
22. Qxb3 Qxb3 23. cxb3 Nd4 24. Bxd4 exd4 25. Bf3 Rab8 26. Rae1 Be6 27. Nc1 b5
28. Kg2 bxa4 29. bxa4 Rb2+ 30. Kg3 Bc4 31. Rf2 Rxf2 0-1

[Event "NM for klubblag 2019"]
[Site "Scandic Ambassadeur, Drammen"]
[Date "2019.05.30"]
[Round "6"]
[White "DeMac, Elias"]
[Black "Dyrnes, Jussi"]
[Result "1-0"]
[WhiteElo "2201"]
[BlackElo "1774"]
[PlyCount "81"]
[EventDate "2019.??.??"]

1. d4 d5 2. c4 e5 3. dxe5 d4 4. Nf3 Nc6 5. g3 Bf5 6. a3 a5 7. Bg2 Bc5 8. O-O
Qd7 9. Nbd2 h5 10. Nb3 Ba7 11. Bg5 a4 12. Nc1 Na5 13. e6 Bxe6 14. Ne5 Qd6 15.
Qxa4+ Nc6 16. Nxc6 Bd7 17. c5 Qxc5 18. Qxd4 Qxd4 19. Nxd4 Bxd4 20. Nd3 c6 21.
Rad1 f6 22. Bf4 Ne7 23. e3 Bb6 24. Bd6 Bg4 25. Rd2 h4 26. h3 Bh5 27. g4 Bf7 28.
Nc5 Bxc5 29. Bxc5 Bb3 30. Rd4 Nd5 31. e4 Nf4 32. Rb4 Ne6 33. Rc1 Nxc5 34. Rxc5
Ba4 35. Rxb7 Rd8 36. b3 Bb5 37. a4 Be2 38. Rxg7 Kf8 39. Rb7 Rd1+ 40. Kh2 Ba6
41. Ra7 1-0

[Event "NM for klubblag 2019"]
[Site "Scandic Ambassadeur, Drammen"]
[Date "2019.05.30"]
[Round "6"]
[White "Madsen, Dag"]
[Black "Elseth, Roar"]
[Result "1/2-1/2"]
[WhiteElo "2262"]
[BlackElo "2288"]
[PlyCount "69"]
[EventDate "2019.??.??"]

1. Nf3 c5 2. c4 Nf6 3. Nc3 e6 4. d4 d5 5. cxd5 Nxd5 6. g3 Nc6 7. Bg2 Be7 8. O-O
O-O 9. e4 Nb6 10. dxc5 Bxc5 11. Bf4 f6 12. Qxd8 Rxd8 13. Rac1 e5 14. Nb5 exf4
15. Rxc5 fxg3 16. hxg3 Bg4 17. Rfc1 Rac8 18. e5 Nd7 19. R5c3 Bxf3 20. Bxf3
Ndxe5 21. Be4 a6 22. f4 axb5 23. fxe5 b4 24. Rc5 fxe5 25. Rb5 Rd4 26. Bd5+ Kh8
27. Bxc6 bxc6 28. Rxc6 Rf8 29. Rxe5 Rd2 30. Rf5 Kg8 31. Rxf8+ Kxf8 32. b3 Rxa2
33. Rc4 Kf7 34. Rxb4 h6 35. Rb6 1/2-1/2

[Event "NM for klubblag 2019"]
[Site "Scandic Ambassadeur, Drammen"]
[Date "2019.05.30"]
[Round "6"]
[White "Altarbosh, Ward"]
[Black "Markussen, Petter BjÃ¸rnstad"]
[Result "1-0"]
[WhiteElo "2250"]
[BlackElo "1882"]
[PlyCount "61"]
[EventDate "2019.??.??"]

1. e4 e6 2. d4 d5 3. exd5 exd5 4. Bd3 Bd6 5. Nc3 c6 6. Nge2 Ne7 7. Bg5 O-O 8.
Qd2 Na6 9. Bxa6 bxa6 10. O-O Qc7 11. Bf4 Ng6 12. Bg3 a5 13. Na4 Ba6 14. Rfe1
Bxe2 15. Rxe2 f5 16. Bxd6 Qxd6 17. Rae1 Nf4 18. Re5 Qh6 19. Qe3 g5 20. Nc5 Nxg2
21. Kxg2 f4 22. Qf3 g4 23. Qxg4+ Kh8 24. Ne6 Rg8 25. Ng5 f3+ 26. Kh1 Raf8 27.
Re8 Qg6 28. Rxf8 Rxf8 29. Re6 Qg7 30. h4 h6 31. Qh5 1-0

[Event "NM for klubblag 2019"]
[Site "Scandic Ambassadeur, Drammen"]
[Date "2019.05.30"]
[Round "6"]
[White "Elsness, Frode"]
[Black "Ramirez, Manuel"]
[Result "1-0"]
[WhiteElo "2440"]
[BlackElo "2089"]
[PlyCount "39"]
[EventDate "2019.??.??"]

1. Nf3 Nf6 2. d4 g6 3. c4 Bg7 4. Nc3 O-O 5. e4 d6 6. h3 e5 7. d5 Nbd7 8. Be3
Nh5 9. g3 a6 10. Be2 Bf6 11. Qd2 Be7 12. h4 f5 13. Bh6 Ng7 14. h5 gxh5 15. exf5
Nf6 16. Nh4 Rf7 17. Qc2 Ng4 18. Bxg7 Bxh4 19. Bxg4 hxg4 20. f6 
1-0

[Event "NM for klubblag 2019"]
[Site "Scandic Ambassadeur, Drammen"]
[Date "2019.05.30"]
[Round "6"]
[White "Rueda-Kjeldsen, Juan Carlos"]
[Black "Dale, Gunnar Brandshaug"]
[Result "1-0"]
[WhiteElo "1963"]
[BlackElo "2003"]
[PlyCount "121"]
[EventDate "2019.??.??"]

1. Nf3 Nf6 2. b3 d5 3. Bb2 Bf5 4. e3 c6 5. Ne5 Nbd7 6. f4 e6 7. Be2 Be7 8. O-O
Nxe5 9. fxe5 Nd7 10. d4 O-O 11. Nd2 a5 12. a4 Qc7 13. Rc1 f6 14. c4 fxe5 15.
cxd5 exd5 16. dxe5 Nxe5 17. Nf3 Bf6 18. Ba3 Rf7 19. Nd4 Bg6 20. Ne6 Qd7 21. Nf4
Be4 22. Nh5 Be7 23. Rxf7 Nxf7 24. Qd4 Ne5 25. Bb2 Bd6 26. Ng3 Bg6 27. e4 Bxe4
28. Nxe4 dxe4 29. Rd1 Rd8 30. Qxd6 Qxd6 31. Rxd6 Rxd6 32. Bxe5 Rd2 33. Kf2 g6
34. Ke3 Ra2 35. g4 Kf7 36. Bc4+ Ke7 37. g5 Rg2 38. Bg8 Rxg5 39. Kxe4 Rh5 40.
Bc4 Rh3 41. Kd4 b5 42. Bd3 Rh4+ 43. Be4 Ke6 44. Bg3 Rg4 45. Ke3 bxa4 46. bxa4
Kd7 47. Be1 Rg5 48. h4 Re5 49. Kd4 Re8 50. Bd2 Kd6 51. Bxa5 c5+ 52. Kd3 Rg8 53.
Bd2 Rg7 54. Bf4+ Ke6 55. Kc4 Ra7 56. Kb5 Kd7 57. a5 Kc8 58. a6 Re7 59. Bd5 Rg7
60. Kb6 Kd8 61. Bb7 
1-0

[Event "NM for klubblag 2019"]
[Site "Scandic Ambassadeur, Drammen"]
[Date "2019.05.30"]
[Round "6"]
[White "Lien, Kjell HÃ¥kon"]
[Black "Leonhardsen, VebjÃ¸rn Maanum"]
[Result "1-0"]
[WhiteElo "2214"]
[BlackElo "1754"]
[PlyCount "91"]
[EventDate "2019.??.??"]

1. d4 d5 2. c4 c6 3. Nc3 Nf6 4. e3 Bf5 5. cxd5 cxd5 6. Qb3 Qd7 7. Nf3 e6 8. Bb5
Nc6 9. Ne5 Qc7 10. Qa4 Rc8 11. Qxa7 Bd6 12. Bd2 Bxe5 13. dxe5 Nd7 14. Bxc6 bxc6
15. Qxc7 Rxc7 16. f4 Ke7 17. Na4 c5 18. Ke2 f6 19. exf6+ gxf6 20. Rhc1 c4 21.
Bb4+ Kf7 22. a3 h5 23. Kf2 Rg8 24. Nc3 Nc5 25. Bxc5 Rxc5 26. a4 Ra5 27. Ra3 Rb8
28. Nb5 Rb6 29. Kg3 Bg6 30. Kh4 Kg7 31. h3 Rba6 32. Rca1 Kh6 33. g4 hxg4 34.
hxg4 Bc2 35. Nd4 Be4 36. b4 cxb3 37. Nxb3 e5 38. Nxa5 Rxa5 39. fxe5 fxe5 40.
Rb3 d4 41. Rb6+ Bg6 42. exd4 exd4 43. Rd6 d3 44. Rb1 d2 45. Rbb6 d1=Q 46. Rxd1
1-0

[Event "NM for klubblag 2019"]
[Site "Scandic Ambassadeur, Drammen"]
[Date "2019.05.30"]
[Round "6"]
[White "Olsen, William Alexander"]
[Black "Lystad, Frank"]
[Result "1-0"]
[WhiteElo "1744"]
[BlackElo "1771"]
[PlyCount "99"]
[EventDate "2019.??.??"]

1. e4 d6 2. d4 Nf6 3. Nc3 Nbd7 4. Be3 e5 5. Bc4 Be7 6. f3 c6 7. Qd2 h6 8. O-O-O
b5 9. Bb3 Qc7 10. Nge2 a5 11. a4 Rb8 12. h4 b4 13. Na2 c5 14. dxc5 Nxc5 15.
Bxc5 Qxc5 16. Rdg1 Ba6 17. g4 Bc4 18. Kb1 h5 19. g5 Nd7 20. g6 f6 21. Ng3 Bf8
22. Nf5 Rc8 23. Rd1 Nb6 24. Nxd6+ Bxd6 25. Qxd6 Bxb3 26. cxb3 Qxd6 27. Rxd6 Nd7
28. Nc1 Ke7 29. Rd5 Rc5 30. Rhd1 Rxd5 31. Rxd5 Ra8 32. Ne2 Nf8 33. f4 Nxg6 34.
fxe5 Nxe5 35. Nf4 g6 36. Kc2 Ra7 37. Kd1 Ra8 38. Ke2 Ra7 39. Ke3 Ra8 40. Rb5
Ra7 41. Kf2 Kf7 42. Ke3 Kg7 43. Ng2 Ng4+ 44. Kd4 Nf2 45. Kc5 Nxe4+ 46. Kb6 Re7
47. Kxa5 Nd6 48. Rxb4 Ra7+ 49. Kb6 Rb7+ 50. Kc5 1-0

[Event "NM for klubblag 2019"]
[Site "Scandic Ambassadeur, Drammen"]
[Date "2019.05.30"]
[Round "6"]
[White "Johansen, KolbjÃ¸rn-Albin"]
[Black "Pajdzik, Kamil"]
[Result "1-0"]
[WhiteElo "1688"]
[BlackElo "1560"]
[PlyCount "65"]
[EventDate "2019.??.??"]

1. d4 Nf6 2. Bf4 e6 3. e3 d5 4. Nd2 Be7 5. Bd3 Nbd7 6. h3 b6 7. Ngf3 Bb7 8. c3
c5 9. Qe2 Ne4 10. Bc2 Ndf6 11. Ba4+ Kf8 12. Ne5 Nxd2 13. Qxd2 Ne4 14. Qe2 Nf6
15. O-O h6 16. Rfe1 g6 17. Rad1 cxd4 18. exd4 Kg7 19. Bc2 a5 20. Bd3 Qe8 21.
Bb5 Qc8 22. a4 Rf8 23. Qe3 Rh8 24. Bd3 Bc6 25. Nxc6 Qxc6 26. Bb5 Qc8 27. Be5
Qd8 28. Qf4 Rc8 29. h4 h5 30. Re3 Rf8 31. Rf3 Rh8 32. Qg5 Rf8 33. Rf4 1-0

[Event "NM for klubblag 2019"]
[Site "Scandic Ambassadeur, Drammen"]
[Date "2019.05.30"]
[Round "6"]
[White "Kveine, Sigurd Wist"]
[Black "Sandum, HÃ¥vard"]
[Result "1-0"]
[WhiteElo "1160"]
[BlackElo "1542"]
[PlyCount "71"]
[EventDate "2019.??.??"]

1. d4 d6 2. Bf4 Nf6 3. e3 Nbd7 4. Nf3 c6 5. c3 Qc7 6. Nbd2 e5 7. Bg3 Be7 8. h3
h6 9. Be2 b5 10. O-O g5 11. a4 e4 12. Ne1 bxa4 13. Qxa4 Nb6 14. Qc2 Qb7 15.
Nxe4 Nxe4 16. Qxe4 f5 17. Bh5+ Kd8 18. Qc2 Nd5 19. Bf3 Nf6 20. Nd3 g4 21. hxg4
fxg4 22. Be2 h5 23. Nf4 Rg8 24. Bh4 Nd5 25. Bxe7+ Qxe7 26. Nxh5 Qh4 27. Qh7 Be6
28. Qe4 Kd7 29. Nf4 Nxf4 30. Qxf4 Rh8 31. f3 Raf8 32. Rxa7+ Ke8 33. Qxd6 Qf6
34. Ra8+ Kf7 35. Rxf8+ Rxf8 36. fxg4 1-0

[Event "NM for klubblag 2019"]
[Site "Scandic Ambassadeur, Drammen"]
[Date "2019.05.30"]
[Round "6"]
[White "Aarnes, Eirik"]
[Black "GrÃ¸ndahl, David A"]
[Result "1-0"]
[WhiteElo "1849"]
[BlackElo "1688"]
[PlyCount "69"]
[EventDate "2019.??.??"]

1. e4 c5 2. Nf3 Nc6 3. d4 cxd4 4. Nxd4 Nf6 5. Nc3 e5 6. Ndb5 d6 7. Bg5 a6 8.
Na3 b5 9. Nd5 Be7 10. Bxf6 Bxf6 11. c3 O-O 12. Nc2 Bg5 13. a4 bxa4 14. Rxa4 Ne7
15. Bc4 Nxd5 16. Bxd5 Rb8 17. Nb4 Qf6 18. O-O Qg6 19. Qd3 Kh8 20. Bc4 f5 21.
Rd1 Rb6 22. f3 Qh6 23. Re1 Bf4 24. g3 fxe4 25. Qxe4 Bb7 26. Bd5 Bxd5 27. Qxd5
Be3+ 28. Kg2 Bc1 29. Re2 Rb5 30. Qd3 e4 31. Rxe4 Bxb2 32. Rxa6 Rbf5 33. Rxd6
Qc1 34. Re3 Ba3 35. Qxf5 1-0

[Event "NM for klubblag 2019"]
[Site "Scandic Ambassadeur, Drammen"]
[Date "2019.05.30"]
[Round "6"]
[White "Hanssen, John Christian"]
[Black "Marosevic, Tomislav"]
[Result "0-1"]
[WhiteElo "1570"]
[BlackElo "1613"]
[PlyCount "72"]
[EventDate "2019.??.??"]

1. d4 Nf6 2. c4 e6 3. Bg5 Be7 4. Nc3 d5 5. e3 c6 6. a3 Nbd7 7. Nf3 O-O 8. Be2
dxc4 9. Bxc4 b5 10. Be2 Bb7 11. O-O a6 12. Rc1 Rc8 13. Nd2 c5 14. dxc5 Rxc5 15.
Bh4 Nd5 16. Bxe7 Qxe7 17. Nce4 Rxc1 18. Qxc1 Rc8 19. Qb1 f5 20. Ng3 Qc5 21. Nb3
Qc2 22. Nd4 Qxb1 23. Rxb1 Kf7 24. Kf1 N7f6 25. Bf3 g6 26. h3 e5 27. Nb3 e4 28.
Bd1 f4 29. exf4 Nxf4 30. Ne2 Nd3 31. Nec1 Bd5 32. Nxd3 exd3 33. Nd2 Ne4 34. Nb3
Kf6 35. f3 Bxb3 36. Bxb3 Nd2+ 0-1

[Event "NM for klubblag 2019"]
[Site "Scandic Ambassadeur, Drammen"]
[Date "2019.05.30"]
[Round "6"]
[White "Borchgrevink, Harald B"]
[Black "Fuglestein, Sander"]
[Result "1/2-1/2"]
[WhiteElo "2257"]
[BlackElo "2023"]
[PlyCount "40"]
[EventDate "2019.??.??"]

1. d4 Nf6 2. c4 e6 3. Nf3 d5 4. Qc2 Be7 5. g3 O-O 6. Bg2 Nbd7 7. O-O c6 8. Nbd2
b6 9. e4 dxe4 10. Ng5 Bb7 11. Ngxe4 Qc8 12. c5 Rd8 13. Nb3 Nxe4 14. Bxe4 Nf6
15. Bg5 h6 16. Bxf6 Bxf6 17. Rfd1 Qc7 18. Rac1 b5 19. Qc3 a5 20. Qe3 Rd7
1/2-1/2

[Event "NM for klubblag 2019"]
[Site "Scandic Ambassadeur, Drammen"]
[Date "2019.05.30"]
[Round "6"]
[White "Melkevik, Johannes"]
[Black "Eriksen, Terje"]
[Result "0-1"]
[WhiteElo "1892"]
[BlackElo "2145"]
[PlyCount "72"]
[EventDate "2019.??.??"]

1. d4 Nf6 2. Nc3 d5 3. Bf4 Bf5 4. f3 e6 5. g4 Bg6 6. h4 h5 7. g5 Ng8 8. e3 Ne7
9. Bd3 Nf5 10. Nb5 Na6 11. e4 Nd6 12. Nxd6+ Bxd6 13. e5 Be7 14. Bxg6 fxg6 15.
Qd3 O-O 16. Ne2 Qe8 17. c3 Qf7 18. O-O Qf5 19. Qxf5 Rxf5 20. Bd2 c5 21. a3 Rff8
22. Kg2 c4 23. b4 cxb3 24. Rfb1 Nb8 25. Nf4 Kf7 26. Rxb3 b6 27. c4 dxc4 28. Rc3
b5 29. Rb1 a6 30. a4 Nc6 31. d5 exd5 32. e6+ Kg8 33. Nxd5 Rfd8 34. Nxe7+ Nxe7
35. Be3 Nd5 36. e7 Re8 0-1

[Event "NM for klubblag 2019"]
[Site "Scandic Ambassadeur, Drammen"]
[Date "2019.05.30"]
[Round "6"]
[White "SÃ¸rensen, Simen"]
[Black "HjelmÃ¥s, Lars"]
[Result "1/2-1/2"]
[WhiteElo "1980"]
[BlackElo "2251"]
[PlyCount "37"]
[EventDate "2019.??.??"]

1. d4 e6 2. c4 b6 3. Nf3 Bb7 4. g3 Bb4+ 5. Bd2 Bxf3 6. exf3 Bxd2+ 7. Nxd2 c6 8.
Bg2 d5 9. O-O Ne7 10. cxd5 cxd5 11. f4 O-O 12. Nf3 Nd7 13. Rc1 Nf6 14. Ne5 Qd6
15. Qa4 a6 16. Rc2 b5 17. Qb3 Rfc8 18. Rfc1 Rxc2 19. Rxc2 1/2-1/2

[Event "NM for klubblag 2019"]
[Site "Scandic Ambassadeur, Drammen"]
[Date "2019.05.30"]
[Round "6"]
[White "Sneltvedt, Tommy"]
[Black "Birkestrand, Odd"]
[Result "1-0"]
[WhiteElo "1573"]
[BlackElo "1709"]
[PlyCount "59"]
[EventDate "2019.??.??"]

1. d4 Nf6 2. c4 c5 3. d5 b5 4. cxb5 a6 5. b6 d6 6. Nc3 Qxb6 7. e4 g6 8. Nf3 Bg7
9. Bd3 O-O 10. O-O Bg4 11. h3 Bxf3 12. Qxf3 Nbd7 13. Qe2 Rfb8 14. Kh1 Ne5 15.
Bc2 Ne8 16. f4 Nd7 17. Ba4 Qc7 18. Bxd7 Qxd7 19. e5 e6 20. Rd1 dxe5 21. fxe5
exd5 22. Rxd5 Qc6 23. Be3 Bf8 24. Rad1 Nc7 25. Rd7 Ne6 26. Qf2 Nd8 27. Bg5 f6
28. Nd5 fxg5 29. Nf6+ Kh8 30. Rxh7# 1-0

[Event "NM for klubblag 2019"]
[Site "Scandic Ambassadeur, Drammen"]
[Date "2019.05.30"]
[Round "6"]
[White "Thrana, Svein Arne"]
[Black "Morad, Hassen M"]
[Result "0-1"]
[WhiteElo "1819"]
[BlackElo "1594"]
[PlyCount "127"]
[EventDate "2019.??.??"]

1. Nf3 c5 2. c4 Nf6 3. g3 d5 4. cxd5 Nxd5 5. Bg2 g6 6. O-O Bg7 7. Nc3 Nxc3 8.
bxc3 Nc6 9. Rb1 Qc7 10. Qc2 O-O 11. d4 Rd8 12. dxc5 Qa5 13. c4 Qxc5 14. Rb5 Qd6
15. Bf4 e5 16. Bg5 f6 17. Be3 Be6 18. Rxb7 Na5 19. c5 Qa6 20. Rbb1 Nc4 21. Nh4
Nxe3 22. fxe3 Bd5 23. e4 Bc4 24. Bf3 Bf8 25. Rfc1 Bf7 26. a4 Rac8 27. c6 Rc7
28. e3 Rd6 29. Be2 Qc8 30. Bb5 a6 31. Bc4 Rdxc6 32. Bxf7+ Kh8 33. Qxc6 Rxc6 34.
Rxc6 Qxc6 35. Bd5 Qxa4 36. Ng2 a5 37. h4 f5 38. exf5 gxf5 39. Kh2 Bd6 40. Rb6
Qa3 41. Rc6 Kg7 42. h5 Kh6 43. Nh4 Kg5 44. Be6 f4 45. Nf5 fxg3+ 46. Kxg3 Bb4
47. Kf3 Qa1 48. Ng3 Be1 49. Ne4+ Kh4 50. Rc2 Qd1+ 51. Re2 Kxh5 52. Bg4+ Kg6 53.
Kg2 Qb1 54. Bf3 a4 55. Nd6 Kf6 56. Be4 Qd1 57. Rc2 Bb4 58. Rf2+ Ke6 59. Bxh7
Kxd6 60. Bf5 a3 61. Bc2 Qg4+ 62. Kf1 a2 63. Rf6+ Ke7 64. Ra6 0-1

[Event "NM for klubblag 2019"]
[Site "Scandic Ambassadeur, Drammen"]
[Date "2019.05.30"]
[Round "6"]
[White "Rosendahl, Guttorm"]
[Black "HÃ¸iom, Jonas"]
[Result "1-0"]
[WhiteElo "1431"]
[BlackElo "1293"]
[PlyCount "57"]
[EventDate "2019.??.??"]

1. d4 f5 2. c4 Nf6 3. Nc3 g6 4. Bf4 Bg7 5. e3 O-O 6. Nf3 d6 7. Be2 Nbd7 8. Qb3
Kh8 9. O-O h6 10. h3 e5 11. dxe5 Nh5 12. Bh2 f4 13. exf4 dxe5 14. fxe5 Qe7 15.
Rfe1 Nf4 16. Bxf4 Rxf4 17. Nd5 Rxf3 18. Nxe7 Rxb3 19. axb3 Nxe5 20. Nxc8 Rxc8
21. Rxa7 b6 22. Bg4 Nxg4 23. hxg4 Bxb2 24. Re7 Bd4 25. Raxc7 Ra8 26. b4 Rf8 27.
Re2 Kg8 28. c5 Bc3 29. cxb6 1-0

[Event "NM for klubblag 2019"]
[Site "Scandic Ambassadeur, Drammen"]
[Date "2019.05.30"]
[Round "6"]
[White "FlatebÃ¸, Hallvard Haug"]
[Black "Wright, Haakon"]
[Result "0-1"]
[WhiteElo "1858"]
[BlackElo "1982"]
[PlyCount "42"]
[EventDate "2019.??.??"]

1. d4 c5 2. d5 Nf6 3. Bg5 e6 4. c4 exd5 5. cxd5 d6 6. Nc3 g6 7. e4 Bg7 8. Bd3
O-O 9. Nf3 Bg4 10. h3 Bxf3 11. Qxf3 a6 12. a4 Nbd7 13. O-O Ne5 14. Qe2 Nxd3 15.
Qxd3 Qc7 16. Rfe1 Nd7 17. f4 Rfe8 18. Re2 Rab8 19. a5 c4 20. Qc2 Nc5 21. Rae1
Qxa5 0-1

[Event "NM for klubblag 2019"]
[Site "Scandic Ambassadeur, Drammen"]
[Date "2019.05.30"]
[Round "6"]
[White "Olsen, Geir"]
[Black "Johansen, Aleksander"]
[Result "0-1"]
[WhiteElo "1466"]
[BlackElo "1498"]
[PlyCount "78"]
[EventDate "2019.??.??"]

1. d4 d5 2. Nc3 c6 3. Bf4 Nf6 4. e3 Bf5 5. f3 h6 6. g4 Bh7 7. h4 e6 8. Bd3 Bxd3
9. Qxd3 Bd6 10. Nge2 Qc7 11. O-O-O Nbd7 12. Bxd6 Qxd6 13. g5 Nh5 14. g6 f5 15.
Kb1 O-O-O 16. Rdg1 Rhf8 17. f4 Ndf6 18. Ng3 Nxg3 19. Rxg3 Ng4 20. Qe2 h5 21.
Nd1 Rf6 22. Nf2 Rxg6 23. Nh3 Kb8 24. Ng5 Rf6 25. Nh7 Rf7 26. Ng5 Rc7 27. c4
dxc4 28. Qxc4 Re7 29. Rhg1 Qd5 30. Qb4 Red7 31. Qd2 Nf6 32. Qc2 Ng4 33. Qe2 Rc8
34. b4 a5 35. Qd2 axb4 36. Qxb4 Kc7 37. Rc1 Ra8 38. a3 Ra6 39. Kb2 Rb6 0-1

[Event "NM for klubblag 2019"]
[Site "Scandic Ambassadeur, Drammen"]
[Date "2019.05.30"]
[Round "6"]
[White "Lindmo, Arne K"]
[Black "Beitnes, Andreas RÃ¸berg"]
[Result "0-1"]
[WhiteElo "1778"]
[BlackElo "1654"]
[PlyCount "66"]
[EventDate "2019.??.??"]

1. d4 Nf6 2. c4 c5 3. d5 e6 4. Nc3 exd5 5. Nxd5 Nxd5 6. Qxd5 d6 7. e4 Nc6 8.
Qd1 g6 9. Bd2 Bg7 10. Rb1 Bd4 11. Ne2 Bg7 12. Bc3 Bxc3+ 13. Nxc3 Nd4 14. Bd3
Qg5 15. Kf1 Bd7 16. Nd5 O-O 17. Qc1 Qe5 18. f4 Qg7 19. Kf2 f5 20. Re1 fxe4 21.
Bxe4 Be6 22. b4 Rae8 23. Kg1 Bxd5 24. Bxd5+ Kh8 25. Qd2 b6 26. b5 Qf6 27. Rxe8
Rxe8 28. Re1 Rxe1+ 29. Qxe1 Qxf4 30. Qe8+ Kg7 31. Qe7+ Kh6 32. Qe1 Nc2 33. Bf3
Nxe1 0-1

[Event "NM for klubblag 2019"]
[Site "Scandic Ambassadeur, Drammen"]
[Date "2019.05.30"]
[Round "6"]
[White "Gilde, Hallvard"]
[Black "Sekkingstad, Thomas"]
[Result "0-1"]
[WhiteElo "1357"]
[BlackElo "1795"]
[PlyCount "110"]
[EventDate "2019.??.??"]

1. d4 d5 2. Nf3 Nf6 3. Bf4 Bf5 4. e3 e6 5. Be2 c5 6. c3 Nc6 7. Nbd2 Bd6 8. Ne5
Qc7 9. Ndf3 O-O 10. h3 Nd7 11. Nxd7 Qxd7 12. Bd3 Bg6 13. Bxg6 hxg6 14. Qc2 Bxf4
15. exf4 cxd4 16. Nxd4 Nxd4 17. cxd4 Qb5 18. Qe2 Qa4 19. Qd2 Rac8 20. O-O Rc2
21. b3 Rxd2 22. bxa4 Rxd4 23. Rfb1 Rxf4 24. Rxb7 Rxa4 25. Rb2 f6 26. g3 g5 27.
Kg2 Rc8 28. Re1 e5 29. g4 Rc3 30. Re3 Raa3 31. Rxc3 Rxc3 32. f3 d4 33. Kf2 Ra3
34. Ke2 a5 35. Kd2 Rxf3 36. Rb3 Rf2+ 37. Kd3 Rxa2 38. Ke4 Ra4 39. Kf5 Rb4 40.
Ra3 a4 41. Kg6 Kf8 42. Rf3 Rb3 43. Rf1 a3 44. Rc1 Rb8 45. Rc7 a2 46. Ra7 Rb2
47. Ra8+ Ke7 48. Ra7+ Ke6 49. Ra6+ Kd5 50. Kxg7 d3 51. Kxf6 d2 52. Ke7 Ke4 53.
Ra4+ Kf3 54. Ra3+ Kf4 55. Ra4+ e4 0-1

[Event "NM for klubblag 2019"]
[Site "Scandic Ambassadeur, Drammen"]
[Date "2019.05.30"]
[Round "6"]
[White "Strand, Aud Norunn"]
[Black "Steinkellner, Rudolf"]
[Result "0-1"]
[WhiteElo "1491"]
[BlackElo "1699"]
[PlyCount "92"]
[EventDate "2019.??.??"]

1. d4 d5 2. c4 e6 3. Nc3 Nf6 4. Nf3 c6 5. e3 Bd6 6. Bd3 Nbd7 7. O-O e5 8. cxd5
cxd5 9. e4 exd4 10. Nxd4 dxe4 11. Nxe4 Nxe4 12. Bxe4 Nf6 13. Bf3 O-O 14. Be3 a6
15. Rc1 Rb8 16. Qc2 Qa5 17. Qd2 Qe5 18. g3 Ne4 19. Bxe4 Qxe4 20. f3 Qg6 21. Bf4
Bxf4 22. Qxf4 Bh3 23. Rfe1 Qb6 24. Qh4 Qxb2 25. Qxh3 Qxd4+ 26. Kh1 Qf2 27. Qg2
Qxg2+ 28. Kxg2 Rfe8 29. Rxe8+ Rxe8 30. Rc2 g6 31. g4 b5 32. Kg3 a5 33. Rb2 b4
34. Rb3 Rc8 35. Rb2 Kg7 36. a3 bxa3 37. Ra2 Rc3 38. g5 f6 39. h4 a4 40. gxf6+
Kxf6 41. Kg4 h6 42. Kf4 Rb3 43. Ra1 Ke6 44. Re1+ Kd5 45. Re4 Kc5 46. Rxa4 Rb4+
0-1